00437 a2200157 4500010001400000020002300014035001300037037001500050082001100065100001500076245006600091260004000157270004300197300002100240700001800261 aENG-86614 a8173715808c235.00 aEN-70147 bDBAD / PUB14a516.33 aPirzada, S1 aAnalytical solid geometry /cby S. Pirzada [and] T.A. Chishti aHyderabadbUniversities Pressc2007 a3-6-752, HimayatnagarbHyderabadcA.P. a326pc24cm (pbk) aChishti, T.A.